000 00666nam a2200205Ii 4500
003 JO-AjNU
008 230605s9999||||xx |||||||||||||| ||und||
017 _a2013/4/1038
040 _aJO-AjNU
_bara
_erda
_cJO-AjNU
041 _aara
050 1 4 _aRM222.2 2013
100 3 _aابوطه، علي نمر ,
_eauthor
_947902
245 0 0 _aالطريقة المثلى للتخلص من البدانة
264 3 1 _aعمان:وزارة الثقافة, ، 2013
300 _a145ص
336 _atext
_btxt
_2rdacontent
337 _aunmediated
_bn
_2rdamedia
338 _avolume
_bnc
_2rdacarrier
650 4 _aتقليص الوزن - اغذية الحميات
_947903
999 _aA20943
_c24511
_d24511